000 00634nam a2200241Ia 4500
003 OSt
005 20221007071546.0
006 a|||||r|||| 00| 0
007 ta
008 221006b |||||||| |||| 00| 0 eng d
024 _a29,998
037 _cTextual
040 _aFLL
_cFLL
_beng
041 _2eng
_aeng
082 _aX83:Z3, F4
100 _aFitzgerald J.V.Vesey
_9688990
245 0 _aLaw of life assurance
250 _a5th
260 _aLondon
_bCharles & Edwin Layton London
_c1914
300 _alxii,626p
_ccm.
942 _hX83:Z3, F4
_cTEXL
_2CC
999 _c1143678
_d1143678